Coats of Arms: Africa - Statistics

General Stats
  • This quiz has been taken 53 times
  • The average score is 37 of 54
Answer Stats
Picture Answer % Correct
Egypt
97%
Madagascar
97%
Central African Republic
94%
Ethiopia
94%
Kenya
94%
Morocco
94%
Burkina Faso
90%
Namibia
90%
Somalia
90%
Togo
87%
Tunisia
87%
Niger
84%
Cameroon
81%
Mozambique
81%
Algeria
77%
Equatorial Guinea
77%
Eritrea
77%
Mauritania
77%
Tanzania
77%
Sudan
74%
Zimbabwe
74%
Botswana
71%
Eswatini
71%
Guinea
71%
Libya
71%
Comoros
68%
Seychelles
68%
Uganda
68%
Angola
65%
Gabon
65%
Liberia
65%
Mauritius
65%
Ghana
61%
Lesotho
61%
Sao Tome & Principe
61%
Cabo Verde
58%
Zambia
58%
Democratic Republic of the Congo
55%
Djibouti
55%
Guinea Bissau
55%
Nigeria
55%
Rwanda
55%
South Africa
55%
Benin
52%
Burundi
52%
Cote d'Ivoire
52%
Malawi
48%
Mali
48%
South Sudan
48%
Chad
45%
Gambia
45%
Senegal
45%
Sierra Leone
45%
Republic of the Congo
35%
No matching quizzes found
Score Distribution
Percent of People with Each Score
Percentile by Number Answered
Your Score History
You have not taken this quiz